[Event "NED-ch U16/18 Girls"]
[Site "Almelo"]
[Date "2022.05.07"]
[Round "7"]
[White "De Zoeten, Cato"]
[Black "Cordes, Jule Johanne"]
[Result "0-1"]
[WhiteElo "1915"]
[BlackElo "1802"]
[PlyCount "92"]
[EventDate "2022.05.01"]
[EventType "swiss"]
[EventRounds "9"]
[EventCountry "NED"]
[SourceTitle "EXT 2023"]
[Source "ChessBase"]
[SourceDate "2022.10.05"]
[SourceVersion "1"]
[SourceVersionDate "2022.10.05"]
[SourceQuality "1"]

1. e4 e6 2. d4 d5 3. Nd2 Nf6 4. e5 Nfd7 5. f4 c5 6. c3 Nc6 7. Ndf3 cxd4 8. cxd4 Qb6 9. Bd3 Nxd4 10. Nxd4 Bb4+ 11. Bd2 Qxd4 12. Nf3 Qxf4 13. Bxb4 Qxb4+ 14. Qd2 Qxd2+ 15. Kxd2 Nc5 16. Bc2 0-0 17. Rhf1 Bd7 18. Rae1 Rac8 19. Re3 f6 20. b4 Na6 21. a3 Nc7 22. Rfe1 f5 23. Nd4 Na8 24. Rh3 g6 25. Bb3 Nb6 26. a4 Rc7 27. Nb5 Bxb5 28. axb5 Nc4+ 29. Bxc4 Rxc4 30. Rb3 b6 31. Ra1 Rf7 32. Rba3 Rxb4 33. Rxa7 Rxb5 34. Rxf7 Kxf7 35. Ra7+ Ke8 36. Ra8+ Ke7 37. Ra7+ Ke8 38. Ra8+ Kd7 39. Ra7+ Kd8 40. Ra8+ Kc7 41. Ra7+ Kc6 42. Re7 d4 43. Rxe6+ Kd5 44. Re8 Rb2+ 45. Kd3 Rb3+ 46. Kd2 Re3 0-1

[Event "NED-ch U16/18 Girls"]
[Site "Almelo"]
[Date "2022.05.06"]
[Round "6"]
[White "De Zoeten, Cato"]
[Black "Van Essen, Marieke"]
[Result "1-0"]
[WhiteElo "1915"]
[BlackElo "1728"]
[PlyCount "81"]
[EventDate "2022.05.01"]
[EventType "swiss"]
[EventRounds "9"]
[EventCountry "NED"]
[SourceTitle "EXT 2023"]
[Source "ChessBase"]
[SourceDate "2022.10.05"]
[SourceVersion "1"]
[SourceVersionDate "2022.10.05"]
[SourceQuality "1"]

1. e4 e5 2. Nf3 Nc6 3. Bb5 a6 4. Ba4 Nf6 5. 0-0 Bc5 6. c3 b5 7. Bb3 0-0 8. d4 exd4 9. cxd4 Bb6 10. e5 Ne4 11. Bd5 Nf6 12. exf6 Qxf6 13. Nc3 Bb7 14. Qd2 Rab8 15. Rd1 Na5 16. Bxb7 Nxb7 17. Nd5 Qe6 18. Nxb6 Qxb6 19. Qd3 h6 20. Bf4 Rbe8 21. Rac1 Nd6 22. Qc2 Rc8 23. Qc5 Qa5 24. Bxd6 cxd6 25. Qxc8 Rxc8 26. Rxc8+ Kh7 27. a3 b4 28. axb4 Qxb4 29. Rd2 g5 30. h3 f5 31. Rdc2 g4 32. hxg4 fxg4 33. R8c4 Qa5 34. Nd2 Qa1+ 35. Nf1 h5 36. Rc7 Qa4 37. Re2 Qxd4 38. Rxd7+ Kg6 39. Re6+ Kg5 40. Rdxd6 Qxb2 41. Rd5+ 1-0

[Event "NED-ch U16/18 Girls"]
[Site "Almelo"]
[Date "2022.05.01"]
[Round "1"]
[White "Martinez, Sara"]
[Black "De Zoeten, Cato"]
[Result "0-1"]
[WhiteElo "1651"]
[BlackElo "1915"]
[PlyCount "88"]
[EventDate "2022.05.01"]
[EventType "swiss"]
[EventRounds "9"]
[EventCountry "NED"]
[SourceTitle "EXT 2023"]
[Source "ChessBase"]
[SourceDate "2022.10.05"]
[SourceVersion "1"]
[SourceVersionDate "2022.10.05"]
[SourceQuality "1"]

1. e4 c5 2. Nf3 d6 3. d4 cxd4 4. Nxd4 Nf6 5. Nc3 a6 6. Bg5 Nbd7 7. f4 Qc7 8. Qf3 b5 9. e5 Bb7 10. exd6 Qb6 11. Qe3 e6 12. 0-0-0 Bxd6 13. Kb1 0-0 14. Qh3 Rfe8 15. Nb3 b4 16. Na4 Qc7 17. Bd3 Rac8 18. Rhf1 Bd5 19. Rf2 Qc6 20. Bxf6 Nxf6 21. g4 g6 22. g5 Nh5 23. f5 Nf4 24. Rxf4 Bxf4 25. Nac5 exf5 26. Nxa6 Bg2 27. Qh4 Qf3 28. Re1 Re3 29. Nd2 Rxe1+ 30. Qxe1 Qe3 31. Qxe3 Bxe3 32. Nc4 Bxg5 33. Nxb4 f4 34. Nd2 f3 35. Ne4 Be7 36. Nd5 Bf8 37. c4 f5 38. Nf2 Kg7 39. Kc2 Bc5 40. Nd1 Re8 41. Kd2 f2 42. N5e3 Bf3 43. Nf1 Rd8 44. Kc2 Bxd1+ 0-1

[Event "NED-ch U16/U18 Girls"]
[Site "Almelo"]
[Date "2021.08.07"]
[Round "7"]
[White "Bogouslavskii, Veronique"]
[Black "De Zoeten, Cato"]
[Result "0-1"]
[WhiteElo "1207"]
[BlackElo "1881"]
[PlyCount "114"]
[EventDate "2021.08.01"]
[EventType "swiss"]
[EventRounds "7"]
[EventCountry "NED"]
[SourceTitle "EXT 2022"]
[Source "ChessBase"]
[SourceDate "2021.10.06"]
[SourceVersion "1"]
[SourceVersionDate "2021.10.06"]
[SourceQuality "1"]

1. d4 Nf6 2. Bg5 g6 3. e3 Bg7 4. Bd3 d6 5. f4 c5 6. c3 Nbd7 7. Nf3 b6 8. Nbd2 Bb7 9. 0-0 h6 10. Bxf6 Nxf6 11. e4 0-0 12. Qe2 Re8 13. e5 Nd5 14. Nh4 cxd4 15. cxd4 Nb4 16. e6 Nxd3 17. exf7+ Kxf7 18. Qxd3 Rg8 19. Qxg6+ Kf8 20. Qe6 Bxd4+ 21. Kh1 Bf6 22. Ndf3 Qc8 23. f5 Qxe6 24. fxe6 Bd5 25. Rf2 Bxe6 26. Nd4 Bd5 27. Nhf5 Rg6 28. Re1 Bxd4 29. Nxd4+ Kg8 30. Rxe7 Rf8 31. Nf3 Rg7 32. Rxg7+ Kxg7 33. b3 Bxf3 34. gxf3 Kf6 35. Rd2 Rd8 36. Kg2 d5 37. f4 d4 38. Kf3 Kf5 39. Rd3 h5 40. h4 Rd7 41. a4 a5 42. Rd2 Rc7 43. Rxd4 Rc3+ 44. Kg2 Rxb3 45. Rc4 Rb4 46. Rc6 Kxf4 47. Rg6 Rxa4 48. Rxb6 Kg4 49. Rb5 Ra2+ 50. Kg1 Kxh4 51. Rc5 a4 52. Rc1 a3 53. Kh1 Rb2 54. Rc4+ Kg5 55. Rc5+ Kg4 56. Rc4+ Kf5 57. Rc5+ Ke4 0-1

[Event "Wch FIDE Online U16 Girls Europe qual"]
[Site "Tornelo INT"]
[Date "2020.12.09"]
[Round "6"]
[White "De Zoeten, Cato"]
[Black "Ruzic, Pia Marie"]
[Result "1-0"]
[WhiteElo "1780"]
[BlackElo "1865"]
[PlyCount "115"]
[EventDate "2020.12.07"]
[EventType "swiss (rapid)"]
[EventRounds "7"]
[EventCountry "ISS"]
[SourceTitle "EXT 2022"]
[Source "ChessBase"]
[SourceDate "2021.10.06"]
[SourceVersion "1"]
[SourceVersionDate "2021.10.06"]
[SourceQuality "1"]

1. e4 e6 2. d4 d5 3. Nd2 dxe4 4. Nxe4 Nd7 5. g3 Ngf6 6. Nxf6+ Nxf6 7. Bg2 c5 8. Nf3 cxd4 9. Qxd4 Qxd4 10. Nxd4 Bc5 11. Nb3 Bb6 12. a4 a5 13. Nd2 Ke7 14. Nc4 Bc7 15. Ke2 Rd8 16. Bd2 Nd5 17. Rhd1 b6 18. Ne3 Ba6+ 19. Ke1 Nxe3 20. Bxe3 Rac8 21. c3 Rxd1+ 22. Rxd1 Bd8 23. Be4 h6 24. Bd4 f6 25. Bd3 Bxd3 26. Rxd3 e5 27. Be3 Ke6 28. Ke2 f5 29. f3 Bc7 30. Bd2 Bd6 31. g4 fxg4 32. fxg4 Rf8 33. Rf3 Rxf3 34. Kxf3 Kd5 35. b3 e4+ 36. Ke3 Bxh2 37. c4+ Kc5 38. Kxe4 g5 39. Be3+ Kb4 40. Bxb6 Kxb3 41. Bxa5 Kxc4 42. Bb6 Kb4 43. a5 Kb5 44. Kf5 Bd6 45. Kg6 Bf8 46. Bd8 Ka6 47. Kf7 Bc5 48. Kg7 Be3 49. Kxh6 Bd4 50. Kxg5 Bc3 51. Kh6 Bd2+ 52. Kh7 Kb5 53. Kg6 Ka6 54. Kf5 Kb5 55. Bc7 Ka6 56. Bf4 Bxa5 57. g5 Kb7 58. g6 1-0

[Event "Leiden SB-ch 1920"]
[Site "Leiden"]
[Date "2020.09.25"]
[Round "6"]
[White "De Weert, Chris WJ"]
[Black "De Zoeten, Cato"]
[Result "0-1"]
[WhiteElo "1756"]
[BlackElo "1870"]
[PlyCount "68"]
[EventDate "2019.11.08"]
[EventType "swiss"]
[EventRounds "7"]
[EventCountry "NED"]
[SourceTitle "EXT 2023"]
[Source "ChessBase"]
[SourceDate "2022.10.05"]
[SourceVersion "1"]
[SourceVersionDate "2022.10.05"]
[SourceQuality "1"]

1. d4 Nf6 2. c4 g6 3. Nc3 Bg7 4. Nf3 0-0 5. e4 d6 6. Bd3 e5 7. d5 a5 8. 0-0 Na6 9. a3 Nc5 10. Bc2 Nfd7 11. Rb1 f5 12. b4 Nxe4 13. Nxe4 fxe4 14. Bxe4 Nf6 15. Bg5 Qe8 16. Bxf6 Bxf6 17. Qc2 Qe7 18. c5 Bg7 19. Rfe1 Rf4 20. Rb3 axb4 21. axb4 Ra4 22. Nd2 Bf5 23. f3 Bh6 24. g3 Bxe4 25. Nxe4 Rf7 26. cxd6 cxd6 27. Rc1 Bxc1 28. Qxc1 Qc7 29. Rc3 Qb6+ 30. Kg2 Rxb4 31. Qg5 Rb3 32. Rc8+ Kg7 33. Qg4 Rb2+ 34. Kh3 Qg1 0-1

[Event "EU-ch Online U16 Girls"]
[Site "Tornelo INT"]
[Date "2020.09.20"]
[Round "8"]
[White "Babayeva, Nasrin"]
[Black "De Zoeten, Cato"]
[Result "1-0"]
[WhiteElo "1538"]
[BlackElo "1780"]
[PlyCount "73"]
[EventDate "2020.09.18"]
[EventType "swiss (rapid)"]
[EventRounds "9"]
[EventCountry "NET"]
[SourceTitle "EXT 2023"]
[Source "ChessBase"]
[SourceDate "2022.10.05"]
[SourceVersion "1"]
[SourceVersionDate "2022.10.05"]
[SourceQuality "1"]
[WhiteTeam "Azerbaijan"]
[BlackTeam "Netherlands"]
[WhiteTeamCountry "AZE"]
[BlackTeamCountry "NED"]

1. c4 Nf6 2. g3 g6 3. Bg2 Bg7 4. Nc3 0-0 5. d3 d6 6. e4 e5 7. Nge2 Nc6 8. 0-0 a5 9. f4 Bg4 10. h3 Bd7 11. f5 h5 12. Bg5 Qc8 13. Rf2 Nh7 14. Qd2 f6 15. Bh6 g5 16. Bxg7 Kxg7 17. Bf3 Be8 18. Nb5 Bf7 19. Nec3 Nb4 20. a3 Na6 21. Qd1 Kh6 22. Rc1 Qd7 23. Ne2 c6 24. Nbc3 Rab8 25. Qd2 Rg8 26. Kh2 Kg7 27. d4 Rbd8 28. Rd1 Rge8 29. dxe5 Rxe5 30. Nd4 Qe8 31. b3 Nc7 32. Be2 Na6 33. Nf3 Re7 34. e5 fxe5 35. Nxg5 Qg8 36. f6+ Nxf6 37. Rdf1 1-0

[Event "Leiden SB-ch 1920"]
[Site "Leiden"]
[Date "2020.01.24"]
[Round "4"]
[White "Plug, Arjan JH"]
[Black "De Zoeten, Cato"]
[Result "1/2-1/2"]
[WhiteElo "1839"]
[BlackElo "1870"]
[PlyCount "76"]
[EventDate "2019.11.08"]
[EventType "swiss"]
[EventRounds "7"]
[EventCountry "NED"]
[SourceTitle "EXT 2023"]
[Source "ChessBase"]
[SourceDate "2022.10.05"]
[SourceVersion "1"]
[SourceVersionDate "2022.10.05"]
[SourceQuality "1"]

1. e4 c5 2. Nc3 d6 3. g3 Nc6 4. Bg2 g6 5. d3 Bg7 6. Be3 Rb8 7. Nge2 Nd4 8. 0-0 e6 9. Qd2 Ne7 10. Nd1 0-0 11. c3 Nxe2+ 12. Qxe2 Nc6 13. f4 b6 14. f5 Bb7 15. g4 exf5 16. gxf5 Ba6 17. c4 Ne5 18. Nc3 Bb7 19. Nd5 Bxd5 20. exd5 Qe7 21. Qd2 Bf6 22. Rae1 Ng4 23. Bxc5 Be5 24. Bf2 Nxf2 25. Qxf2 Qf6 26. Qf3 Bxb2 27. Qg4 Qd4+ 28. Qxd4 Bxd4+ 29. Kh1 Rfe8 30. fxg6 hxg6 31. Bh3 f5 32. Re6 Rxe6 33. dxe6 Re8 34. Bg2 Kg7 35. Bd5 Kf6 36. Kg2 Rh8 37. h3 Rh5 38. Rf3 Rg5+ 1/2-1/2

[Event "Leiden SB-ch 1920"]
[Site "Leiden"]
[Date "2019.11.29"]
[Round "2"]
[White "Heun, Jetze"]
[Black "De Zoeten, Cato"]
[Result "0-1"]
[WhiteElo "1475"]
[BlackElo "1870"]
[PlyCount "64"]
[EventDate "2019.11.08"]
[EventType "swiss"]
[EventRounds "7"]
[EventCountry "NED"]
[SourceTitle "EXT 2023"]
[Source "ChessBase"]
[SourceDate "2022.10.05"]
[SourceVersion "1"]
[SourceVersionDate "2022.10.05"]
[SourceQuality "1"]

1. e4 c5 2. Nf3 d6 3. d4 cxd4 4. Nxd4 Nf6 5. Nc3 a6 6. Bc4 Qc7 7. Bd3 e5 8. Nb3 Be6 9. 0-0 Be7 10. Kh1 Nbd7 11. f4 exf4 12. Bxf4 Ne5 13. Nd4 Bd7 14. Nd5 Nxd5 15. exd5 Nxd3 16. Qxd3 0-0 17. Qg3 Rfe8 18. Bh6 Bf8 19. Nf5 Bxf5 20. Rxf5 Re5 21. Rxe5 dxe5 22. Bg5 Re8 23. Rc1 b5 24. b3 Ba3 25. Bf6 g6 26. Re1 Qxc2 27. Bxe5 Bb4 28. Bc3 Rxe1+ 29. Bxe1 Qc1 30. Qb8+ Kg7 31. Qe5+ Kh6 32. d6 Qxe1+ 0-1

[Event "EU-ch U16 Girls"]
[Site "Bratislava"]
[Date "2019.08.06"]
[Round "5"]
[White "De Zoeten, Cato"]
[Black "Garau, Francesca"]
[Result "1-0"]
[WhiteElo "1770"]
[BlackElo "1848"]
[PlyCount "65"]
[EventDate "2019.08.02"]
[EventType "swiss"]
[EventRounds "9"]
[EventCountry "SVK"]
[SourceTitle "CBM 191 Extra"]
[Source "ChessBase"]
[SourceDate "2019.09.30"]
[SourceVersion "1"]
[SourceVersionDate "2019.09.30"]
[SourceQuality "1"]

1. e4 c5 2. Nf3 d6 3. d4 cxd4 4. Nxd4 Nf6 5. Nc3 g6 6. Be3 Bg7 7. f3 0-0 8. Qd2 Nc6 9. 0-0-0 d5 10. Nxc6 bxc6 11. Bh6 Qa5 12. Kb1 Rb8 13. Bxg7 Kxg7 14. h4 Be6 15. b3 Rb4 16. Kb2 Rfb8 17. h5 Qb6 18. e5 Ne4 19. fxe4 dxe4 20. Nb5 a5 21. Nd4 Bd5 22. hxg6 fxg6 23. Qh6+ Kf7 24. Qxh7+ Ke8 25. Qxg6+ Kd8 26. Nxc6+ Kc7 27. Rxd5 Qxc6 28. Qxc6+ Kxc6 29. Rd1 a4 30. Rh6+ Kc7 31. Rh7 axb3 32. Rxe7+ Kc8 33. Ba6+ 1-0

[Event "EU-ch U16 Girls"]
[Site "Bratislava"]
[Date "2019.08.03"]
[Round "2"]
[White "Lazarova, Jovana"]
[Black "De Zoeten, Cato"]
[Result "0-1"]
[WhiteElo "1108"]
[BlackElo "1770"]
[PlyCount "50"]
[EventDate "2019.08.02"]
[EventType "swiss"]
[EventRounds "9"]
[EventCountry "SVK"]
[SourceTitle "CBM 191 Extra"]
[Source "ChessBase"]
[SourceDate "2019.09.30"]
[SourceVersion "1"]
[SourceVersionDate "2019.09.30"]
[SourceQuality "1"]

1. e4 c5 2. Nf3 d6 3. d4 cxd4 4. Nxd4 Nf6 5. Nc3 a6 6. f4 Nbd7 7. Bd3 Nc5 8. 0-0 g6 9. h3 Bg7 10. Be3 0-0 11. Qd2 b5 12. b4 Nxd3 13. cxd3 Bb7 14. f5 Re8 15. Rf2 Qd7 16. Rc1 Rec8 17. Kh2 Rc7 18. Bh6 Bh8 19. Qg5 Rac8 20. Rfc2 Nh5 21. Nde2 d5 22. g4 Bf6 23. Qd2 Ng7 24. Qf4 dxe4 25. dxe4 Rc4 0-1

[Event "Leiden SB-ch 1819"]
[Site "Leiden"]
[Date "2018.11.09"]
[Round "2"]
[White "Stork, Ornett J"]
[Black "De Zoeten, Cato"]
[Result "1-0"]
[WhiteElo "2076"]
[BlackElo "1681"]
[PlyCount "41"]
[EventDate "2018.10.19"]
[EventType "swiss"]
[EventRounds "9"]
[EventCountry "NED"]
[SourceTitle "EXT 2023"]
[Source "ChessBase"]
[SourceDate "2022.10.05"]
[SourceVersion "1"]
[SourceVersionDate "2022.10.05"]
[SourceQuality "1"]

1. d4 d5 2. Nc3 Nf6 3. Bf4 c6 4. f3 Bf5 5. g4 Bg6 6. h4 h6 7. h5 Bh7 8. e3 e6 9. Bd3 Bd6 10. Bxh7 Nxh7 11. Qd3 Bxf4 12. exf4 Nd7 13. 0-0-0 0-0 14. Nge2 Rc8 15. Rhg1 b5 16. g5 hxg5 17. fxg5 Nxg5 18. f4 Nh7 19. h6 g5 20. fxg5 b4 21. g6 1-0

[Event "Agneaux St Lo U16 op 20th"]
[Site "Agneaux"]
[Date "2018.07.07"]
[Round "1.1"]
[White "Talmaci, Alexandru1111"]
[Black "De Zoeten, Cato"]
[Result "1-0"]
[WhiteElo "1991"]
[BlackElo "1492"]
[PlyCount "91"]
[EventDate "2018.07.07"]
[EventType "swiss"]
[EventRounds "9"]
[EventCountry "FRA"]
[SourceTitle "EXT 2019"]
[Source "ChessBase"]
[SourceDate "2018.10.10"]
[SourceVersion "1"]
[SourceVersionDate "2018.10.10"]
[SourceQuality "1"]

1. d4 d5 2. c4 e6 3. Nc3 Nf6 4. Bg5 Be7 5. e3 h6 6. Bh4 0-0 7. Nf3 Nbd7 8. cxd5 Nxd5 9. Bg3 c6 10. Bd3 Qa5 11. Qb3 c5 12. 0-0 N7b6 13. Rac1 Nxc3 14. bxc3 Bd7 15. Qb1 Rac8 16. Ne5 c4 17. Nxd7 Nxd7 18. Be4 b5 19. Bb7 Rcd8 20. Bf3 Nb6 21. Bc7 Rd7 22. Bxb6 Qxb6 23. Qc2 Ba3 24. Rb1 Rb8 25. Rfd1 a5 26. Be2 Rc7 27. d5 Be7 28. Qe4 Rbc8 29. dxe6 fxe6 30. Bg4 Rc6 31. Rbc1 Kh8 32. Bf3 b4 33. cxb4 axb4 34. Rd7 Qc5 35. Qg6 Rb6 36. Qf7 Bf6 37. Be4 Qf8 38. Qg6 Qg8 39. Bb1 c3 40. Rcd1 Rbc6 41. Bc2 Ra6 42. Bb1 Rac6 43. Qc2 Ra6 44. Rb7 Rc4 45. Rb8 Qxb8 46. Qh7# 1-0

[Event "NED-ch U16 Girls"]
[Site "Assen"]
[Date "2018.04.29"]
[Round "1"]
[White "De Zoeten, Cato"]
[Black "Van Essen, Marieke"]
[Result "1-0"]
[WhiteElo "1496"]
[BlackElo "1282"]
[PlyCount "83"]
[EventDate "2018.04.29"]
[EventType "swiss"]
[EventRounds "7"]
[EventCountry "NED"]
[SourceTitle "CBM 184 Extra"]
[Source "ChessBase"]
[SourceDate "2018.06.28"]
[SourceVersion "1"]
[SourceVersionDate "2018.06.28"]
[SourceQuality "1"]

1. e4 e5 2. Nf3 Nc6 3. d4 exd4 4. Nxd4 Qf6 5. Be3 Bc5 6. c3 Nge7 7. Bc4 Ne5 8. Be2 Qg6 9. 0-0 0-0 10. f4 Qxe4 11. Qd2 N5c6 12. Bd3 Qd5 13. c4 Qh5 14. Nb5 d6 15. Nxc7 Rb8 16. Nc3 Be6 17. Nxe6 fxe6 18. Ne4 Bxe3+ 19. Qxe3 Nf5 20. Qf3 Qxf3 21. Rxf3 Nfd4 22. Rff1 Nb4 23. Rad1 Nxa2 24. Bb1 Ne2+ 25. Kf2 Nac1 26. g3 e5 27. Rxc1 Nxc1 28. Rxc1 Rbd8 29. Ke3 exf4+ 30. gxf4 Rde8 31. Kf3 Re6 32. Ba2 Rd8 33. Nxd6 Re7 34. c5+ Kf8 35. b4 a6 36. Rg1 b6 37. Rg5 g6 38. f5 Rg7 39. fxg6 Rxg6 40. Rf5+ Kg7 41. Rf7+ Kh6 42. Bb1 1-0

[Event "NED-ch U14 Girls"]
[Site "Assen"]
[Date "2017.04.24"]
[Round "3"]
[White "Martinez, Sara"]
[Black "De Zoeten, Cato"]
[Result "1-0"]
[WhiteElo "1496"]
[BlackElo "1269"]
[PlyCount "51"]
[EventDate "2017.04.23"]
[EventType "swiss"]
[EventRounds "9"]
[EventCountry "NED"]
[SourceTitle "CBM 178 Extra"]
[Source "ChessBase"]
[SourceDate "2017.06.22"]
[SourceVersion "1"]
[SourceVersionDate "2017.06.22"]
[SourceQuality "1"]

1. e4 c5 2. Nf3 d6 3. d4 cxd4 4. Nxd4 Nf6 5. Nc3 g6 6. Be3 Bg7 7. f3 0-0 8. Qd2 Nc6 9. 0-0-0 d5 10. Nxc6 bxc6 11. e5 Nd7 12. f4 f6 13. exf6 Nxf6 14. g3 a5 15. Bg2 Kh8 16. h3 Qc7 17. Na4 Rb8 18. c3 e5 19. fxe5 Ng8 20. Rhf1 Bd7 21. Nc5 Bxe5 22. Bd4 Nf6 23. Na6 Qd6 24. Nxb8 Rxb8 25. Rde1 Bxd4 26. Qxd4 1-0